Each US States Largest City Starting with a Vowel on a Map - Statistics

General Stats
  • This quiz has been taken 358 times
  • The average score is 24 of 50
Answers on the Map
Answers color-coded by a green-red scale on the quiz's map according to % correct below.
 
Answer Stats
State City % Correct
Starts With A Texas 964,254 Austin
96%
Starts With A Georgia 498,044 Atlanta
93%
Starts With I Indiana 867,125 Indianapolis
93%
Starts With O Oklahoma 649,021 Oklahoma City
91%
Starts With A New Mexico 560,218 Albuquerque
90%
Starts With A Alaska 291,538 Anchorage
89%
Starts With O Florida 285,713 Orlando
88%
Starts With A New York 97,279 Albany
87%
Starts With O Nebraska 468,262 Omaha
83%
Starts With O California 429,082 Oakland
81%
Starts With A Colorado 374,114 Aurora
78%
Starts With A Illinois 199,602 Aurora
78%
Starts With A Ohio 198,006 Akron
77%
Starts With E Oregon 171,245 Eugene
74%
Starts With A Michigan 121,890 Ann Arbor
70%
Starts With A Pennsylvania 121,433 Allentown
66%
Starts With A Virginia 160,530 Alexandria
62%
Starts With A Louisiana 46,776 Alexandria
62%
Starts With A Maryland 39,174 Annapolis
61%
Starts With I Iowa 76,290 Iowa City
60%
Starts With I Idaho 61,535 Idaho Falls
59%
Starts With Y Arizona 97,908 Yuma
56%
Starts With O Kansas 192,536 Overland Park
55%
Starts With A North Carolina 92,452 Asheville
54%
Starts With E New Jersey 128,885 Elizabeth
47%
Starts With I Missouri 116,925 Independence
45%
Starts With E Washington 111,262 Everett
44%
Starts With E Massachusetts 46,880 Everett
44%
Starts With A Wisconsin 74,256 Appleton
41%
Starts With A Alabama 65,738 Auburn
38%
Starts With A Maine 23,196 Auburn
38%
Starts With E Nevada 20,341 Elko
38%
Starts With O Utah 97,521 Orem
35%
Starts With A South Dakota 28,562 Aberdeen
30%
Starts With O Kentucky 59,809 Owensboro
30%
Starts With E Hawaii 49,914 East Honolulu
24%
Starts With E Rhode Island 47,476 East Providence
20%
Starts With E Vermont 10,929 Essex Junction
20%
Starts With E Wyoming 11,704 Evanston
15%
Starts With A Montana 9,131 Anaconda
14%
Starts With E Minnesota 66,527 Eagan
13%
Starts With A South Carolina 30,778 Aiken
8%
Starts With O Mississippi 38,149 Olive Branch
8%
Starts With E Arkansas 17,932 El Dorado
6%
Starts With O Tennessee 29,109 Oak Ridge
6%
Starts With A Connecticut 18,721 Ansonia
3%
Starts With E Delaware 5,981 Elsmere
3%
Starts With E New Hampshire 14,306 Exeter
3%
Starts With O West Virginia 8,218 Oak Hill
3%
Starts With O North Dakota 1,710 Oakes
2%
No matching quizzes found
Score Distribution
Percent of People with Each Score
Percentile by Number Answered
Your Score History
You have not taken this quiz